00421cam a22001337a 4500008004000000082001400040100002400054245004300078260003300121300001000154650002100164999001900185952008300204180718b1955 xxu||||| |||| 00| 0 eng d aL242 An24 aAndhyarujina, R. B. aEstate duty actcby R. B. Andhyarujina aBombaybOrien Longmansc1955 a849p. aDuty Act, Estate c434660d434660 00104070aIIPAbIIPAd2010-02-17oL242 An24p602r2018-07-21w2018-07-21yBK